00548nam a22001812 4500001001100000005001700011008004100028020001700069040001500086245006900101250001300170260004200183300002100225650003700246650004600283700003400329852000300363000001301320151217154416.0090519s xx 000 0 eng d a0070658366 : aKABUcKABU10aUNIX :bthe complete reference /cKenneth H. Rosen ... [et al.]. a1st ed. aNew Delhi :bTata McGraw-Hill,c2007. axxxviii, 873 p. 0aUNIX (Computer file)@0000154651 0aOperating systems (Computers)@00001465401 aRosen, Kenneth H.@00001540781